| 000 | 00000nam##2200000za#4500 |
| 001 | 9.663918 |
| 003 | CaOODSP |
| 005 | 20210615121310 |
| 007 | ta |
| 008 | 150407|2002||||xxc||||| f|0| 0 fre|d |
| 020 | |z0-662-66736-0 |
| 040 | |aCaOODSP|bfre |
| 041 | |aeng |
| 041 | |afre |
| 043 | |an-cn--- |
| 086 | 1 |aSW21-98/2002 |
| 110 | 1 |aCanada. |bCondition féminine Canada. |
| 245 | 10|aLes modifications apportées en 1997 au Régime de pensions du Canada : |bleurs répercussions sur les femmes et les hommes / |cpar Adil Sayeed. |
| 260 | |aOttawa - Ontario : |bCondition féminine Canada |c2002. |
| 300 | |aTexte français, viii, 53p. : |btableaux ; |c28 cm. |
| 504 | |aBibliographie. |
| 563 | |aCouverture souple |
| 590 | |a02-35|b2002-08-23 |
| 691 | 07|aIndemnité|2gcpds |
| 691 | 07|aPension|2gcpds |
| 691 | 07|aRecherche|2gcpds |
| 720 | 1 |aDoe, Tanis |
| 776 | 0#|tThe 1997 Canada Pension Plan changes : |w(CaOODSP)9.686314 |
| 776 | 0#|tLes modifications apportées en 1997 au Régime de pensions du Canada : |w(CaOODSP)9.630790 |
| 791 | |tThe 1997 Canada Pension Plan changes : |eeng|w(CaOODSP)9.663917 |